| 000 | 00389nam a2200145Ia 4500 | ||
|---|---|---|---|
| 008 | 151015s9999 xx 000 0 und d | ||
| 020 | _a9.780340942e+012 | ||
| 050 | _aQA76.556 2007 | ||
| 245 | _aClarke Alan | ||
| 250 | _a_New Clait 2006 Office 2003 | ||
| 300 | _aUK Bookpoint 2007 | ||
| 500 | _aIncludes Index | ||
| 650 | _a_Microsoft Office | ||
| 700 | _a^d20110118 10:26:57^okilerai | ||
| 999 |
_c793 _d793 |
||